logo

Bir Sreshtho Munshi Abdur Rouf Library
Jhenaidah Cadet College

Grammar games : (Record no. 89)

MARC details
000 -LEADER
fixed length control field 00752nam a22002531a 4500
001 - CONTROL NUMBER
JCCL Control Number 89
003 - CONTROL NUMBER IDENTIFIER
JCCL marc code UkOxU
005 - DATE AND TIME OF LATEST TRANSACTION
control field 20171011122630.0
008 - FIXED-LENGTH DATA ELEMENTS--GENERAL INFORMATION
fixed length control field 170927r1984 enka b 000 0 eng d
020 ## - INTERNATIONAL STANDARD BOOK NUMBER
International Standard Book Number 0521277736
035 ## - SYSTEM CONTROL NUMBER
system control number (BD-JhCC)89
040 ## - CATALOGING SOURCE
Original cataloging agency BD-JhCC
Modifying agency BD-JhCC
041 ## - LANGUAGE CODE
Language code of Book eng
082 ## - DEWEY DECIMAL CLASSIFICATION NUMBER
DDC Edition number 22
Classification number 428.24
Author mark and Year RIN 2008
100 1# - MAIN ENTRY--PERSONAL NAME
Personal name Rinvolucri, Mario
245 10 - TITLE STATEMENT
Title Grammar games :
Remainder of title cognitive, affective, and drama activities for EFL students /
Statement of responsibility, etc Mario Rinvolucri
260 ## - PUBLICATION, DISTRIBUTION, ETC. (IMPRINT)
Place of publication, distribution, etc Cambridge :
Name of publisher, distributor, etc Cambridge University Press,
Date of publication, distribution, etc 1984
300 ## - PHYSICAL DESCRIPTION
Pagination vi, 138 p. :
Other physical details ill. ;
Dimensions 25 cm
504 ## - BIBLIOGRAPHY, ETC. NOTE
Bibliography, etc Bibliography: p. 138
650 #0 - SUBJECT ADDED ENTRY--TOPICAL TERM
Topical term or geographic name as entry element Educational games
650 #0 - SUBJECT ADDED ENTRY--TOPICAL TERM
Topical term or geographic name as entry element English language
General subdivision Study and teaching
-- Foreign speakers
942 ## - ADDED ENTRY ELEMENTS (KOHA)
Source of classification or shelving scheme Dewey Decimal Classification
Koha item type Books
Holdings
Source of classification or shelving scheme Damaged status Not for loan Home library Current library Shelving location Date of accession Source of acquisition Total Checkouts Full call number Barcode Date last seen Copy number Koha item type Date checked out
Dewey Decimal Classification     JCC Rouf Library JCC Rouf Library General Stacks 10/05/2017 Karim International   428.24 RIN 2008 1113 09/27/2017 C-1 Books  
Dewey Decimal Classification     JCC Rouf Library JCC Rouf Library General Stacks 10/05/2017 Karim International 1 428.24 RIN 2008 1114 09/19/2023 C-2 Books 09/18/2023

JCC Library | Contacts | JCC Home

Last Update on 23 September 2017
Copyright @ 2017-2020 JCC Rouf Library
Rouf Library, Jhenidah Cadet College (JCC), Bangladesh